Estudio del impuesto sobre la renta : (Registro nro. 172619)
[ vista simple ]
| 000 -LEADER | |
|---|---|
| fixed length control field | 00956nam a22003011 4500 |
| 001 - CONTROL NUMBER | |
| control field | bslw10044666 |
| 006 - FIXED-LENGTH DATA ELEMENTS--ADDITIONAL MATERIAL CHARACTERISTICS--GENERAL INFORMATION | |
| fixed length control field | m o d |
| 007 - PHYSICAL DESCRIPTION FIXED FIELD--GENERAL INFORMATION | |
| fixed length control field | cr un ---uuuua |
| 008 - FIXED-LENGTH DATA ELEMENTS--GENERAL INFORMATION | |
| fixed length control field | 230413s2023 mx o 000 0 spa d |
| 020 ## - INTERNATIONAL STANDARD BOOK NUMBER | |
| International Standard Book Number | 9786076298510 |
| 035 ## - | |
| -- | 38220 |
| 040 ## - CATALOGING SOURCE | |
| Original cataloging agency | UtOrBLW |
| Language of cataloging | eng |
| Description conventions | rda |
| Transcribing agency | UtOrBLW |
| 050 #4 - | |
| -- | HJ4629 |
| -- | .P47 2023 |
| 082 04 - | |
| -- | 336.24 |
| -- | 23 |
| 100 1# - MAIN ENTRY--PERSONAL NAME | |
| Personal name | Pérez Chávez, José, |
| Relator term | author. |
| 245 10 - TITLE STATEMENT | |
| Title | Estudio del impuesto sobre la renta : |
| Remainder of title | personas físicas / |
| Statement of responsibility, etc | Pérez Chávez, Fol Olguín. |
| 250 ## - | |
| -- | Cuatra edicion. |
| 264 #1 - | |
| -- | Ciudad de México, México : |
| -- | Tax Editores Unidos, |
| -- | 2023. |
| 300 ## - PHYSICAL DESCRIPTION | |
| Extent | 1 online resource (316 pages) |
| 336 ## - | |
| -- | text |
| -- | txt |
| -- | rdacontent |
| 337 ## - | |
| -- | computer |
| -- | c |
| -- | rdamedia |
| 338 ## - | |
| -- | online resource |
| -- | cr |
| -- | rdacarrier |
| 650 #0 - SUBJECT ADDED ENTRY--TOPICAL TERM | |
| Topical term or geographic name as entry element | Income tax. |
| 700 1# - ADDED ENTRY--PERSONAL NAME | |
| Personal name | Fol Olguín, Raymundo, |
| Relator term | author. |
| 856 40 - LOCALIZACIÓN Y ACCESO ELECTRÓNICO | |
| Identificador Uniforme del Recurso (URI/URL) | https://app.vlex.com/#/sources/38220 |
| 942 ## - | |
| -- | RAA |
| 999 ## - | |
| -- | 172619 |
| -- | 172619 |
No hay ítems disponibles.